Statistiques concernant Foot: Les matchs de la Coupe du Monde avec le plus de buts

Cliquez ici pour prendre le quiz!

Statistiques générales

  • Ce quiz a été pris 127 fois
  • Le résultat moyen est 35 sur 52

Statistiques - réponses

Réponse% Correct
Brésil
98%
France
98%
Allemagne
97%
Allemagne de l'Ouest
96%
Argentine
96%
Espagne
95%
Angleterre
91%
Uruguay
91%
Croatie
89%
Portugal
89%
Belgique
86%
Italie
86%
Pays-Bas
84%
Suisse
84%
Suède
83%
Russie
82%
États-Unis
81%
Corée du Sud
80%
Algérie
79%
Mexique
74%
Colombie
73%
Tunisie
73%
Chili
72%
Hongrie
71%
Sénégal
71%
Yougoslavie
71%
Autriche
70%
Pologne
70%
Danemark
69%
Arabie saoudite
68%
Tchécoslovaquie
66%
Panama
65%
U.R.S.S.
65%
Costa Rica
63%
Serbie-et-Monténégro
63%
Cameroun
62%
Corée du Nord
62%
Turquie
62%
Pérou
59%
Égypte
58%
Nouvelle-Zélande
54%
Paraguay
54%
Bulgarie
51%
Écosse
50%
Roumanie
49%
Bolivie
45%
Cuba
31%
Salvador
31%
Indes orientales
24%
Haïti
19%
Zaïre
18%
Émirats arabes unis
17%

Distribution des résultats

Percentile par nombre de réponses

% des personnes avec chaque résultat

Votre développement - résultats

Vous n’avez pas pris ce quiz